Responses for Show #8751 - Monday, November 28, 2022

Cris Pannullo game 16.

Contestants

[<< previous game]

Xanni Brown, a Ph.D. student from New Haven, Connecticut

Michael Harten, a dean of academics from Putnam, Connecticut

Cris Pannullo, a customer success operations manager from Ocean City, New Jersey (whose 15-day cash winnings total $526,544)

[next game >>]

Jeopardy! Round responses

NOVEL NOTES
SLANG
LAWMEN & WOMEN
FOOT, THE BILL
PLAY YOUR CARDS RIGHT
OF MOVIES
    $200 17
On the Road

Cris
    $200 19
Peeps

Xanni
    $200 30
a gun

Michael
    $200 28
a pedicure

Michael
    $200 21
Get Out of Jail Free

Cris
    $200 24
(James) Bond

Xanni
    $400 16
Twenty Thousand Leagues Under the Sea

Xanni
    $400 20
knuckle

Xanni
    $400 29
(Michael: What is INTERPOL?)

the NYPD

CrisMichael
    $400 27
spurs

Xanni
    $400 25
split

Cris
    $400 23
Henry Fonda

Triple Stumper
    $600 7
Brave New World

Cris
    $600 11
fleek

Cris
    $600 12
(Ken: Your home state.)

New Jersey

Cris
    $600 14
GPS

Xanni
    $600 8
a mulligan

Cris
    $600 22
Raiders of the Lost Ark

Xanni
    $800 3
Lord of the Flies

Cris
    $800 10
(Ken: That's right; I'll try.)
[Mild laughter]

chillax

Michael
    $800 5
Hoover

Xanni
    $800 9
(Cris: What is Siriano?)

(Christian) Dior

CrisXanni
    $800 2
Uno

Cris
    $800 6
In the Heat of the Night

Michael
    $1000 4
(Ken: That's Stephen King's [*].)

The Green Mile

Triple Stumper
    $2,200 15
the nosebleeds

Xanni
    $1000 13
the Sûreté

Triple Stumper
    $1000 26
reflexology

Xanni
    $1000 1
stud (stud poker)

Cris
    $1000 18
Battle of the Sexes

Xanni

Scores at the first commercial break (after clue 15):

Cris Michael Xanni
$4,200 $1,600 $4,400

Scores at the end of the Jeopardy! Round:

Cris Michael Xanni
$5,400 $1,600 $8,600

Double Jeopardy! Round responses

BRITISH HISTORY
ANIMAL NAMES
ABBREV. TV
6-LETTER WORDS
THAT'S MAJOR
AROUND THE GLOBE
    $400 26
William the Conqueror

Xanni
    $400 25
a bobcat

Cris
    $400 29
Wheel of Fortune

Michael
    $400 27
a gander

Cris
    $400 30
spades

Xanni
    $400 28
St. Petersburg

Cris
    $800 11
the House of Lords

Triple Stumper
    $800 21
the armadillo

Michael
    $800 2
Hell's Kitchen

Michael
    $800 10
a bigwig

Cris
    $800 13
Benedict Arnold

Xanni
    $800 18
Colombia

Michael
    $9,000 6
Enigma

Cris
    $1200 20
the Maori

Cris
    $1200 1
Family Ties & Spin City

Michael
    $1200 19
dapper

Cris
    $1200 17
the (L.A.) Galaxy

Cris
    $1200 8
Frankfurt

Cris
    $1600 5
the National Health Service

Cris
    $1600 15
peregrine

Cris
    $1600 3
Man vs. Wild

Xanni
    $1600 22
sadism

Xanni
    $7,800 9
Ursa Major & Canis Major

Cris
    $1600 7
the Silk Road

Cris
    $2000 16
Hyde (Park)

Cris
    $2000 14
an Appaloosa

Xanni
    $2000 4
Dawson's Creek

Cris
    $2000 23
svelte

Xanni
    $2000 24
Pachelbel

Xanni
    $2000 12
Zanzibar

Cris

Scores at the end of the Double Jeopardy! Round:

Cris Michael Xanni
$39,800 $5,600 $19,400
(lock game)

[wagering suggestions for these scores]

Final Jeopardy! Round responses

CHILDREN'S AUTHORS
(Ken: Cris Pannullo, looked noticeably uncomfortable, I believe, when the CHILDREN'S AUTHORS category was announced.)
[Cris shrugs in agreement]
...
(Ken: This would be [*] from [*], Plain and Tall; she is from Maine but moves to the prairie.)
MichaelWho is Anne of Green Gables?
$2,000
XanniWho is Anne of Green Gables
$1,114
CrisWho is Ann of Green Gables
$0
Sarah (Wheaton)

Final scores:

Cris Michael Xanni
$39,800 $3,600 $18,286
16-day champion: $566,344 3rd place: $1,000 2nd place: $2,000

Game dynamics:

Coryat scores:

Cris Michael Xanni
$25,800 $5,600 $18,200
27 R
(including 2 DDs),
1 W
9 R,
1 W
20 R
(including 1 DD),
0 W

Combined Coryat: $49,600

[game clues] [game scores] [suggest correction]

Game tape date: 2022-10-11
The J! Archive is created by fans, for fans. Scraping, republication, monetization, and malicious use prohibited; this site may use cookies and collect identifying information. See terms. The Jeopardy! game show and all elements thereof, including but not limited to copyright and trademark thereto, are the property of Jeopardy Productions, Inc. and are protected under law. This website is not affiliated with, sponsored by, or operated by Jeopardy Productions, Inc. Join the discussion at JBoard.tv.